000 00521nam a22001817a 4500
005 20251108171234.0
008 250721s1981 xx 000 0 ara d
082 1 4 _a029/لان
100 1 _aلانكستر، ولفرد
245 1 0 _aنظم إسترجاع المعلومات /
264 1 _aالقاهرة :
_bمكتبة غريب،
_c1981.
300 _a527ص
650 1 7 _aتكنولوجيا المعلومات
650 1 7 _aالتوثيق
700 1 _aقاسم، حشمت
942 _2ddc
_cBK
999 _c60160
_d60160